000 00369nam a2200133Ia 4500
008 240624s9999 xx 000 0 und d
041 _aeng
082 _a658.4 JOH
100 _aJOHNSON MARK W
245 _aSEIZING THE WHITE SPACE BUSINESS MODEL I
260 _c2010
_aBoston
_bHarvard Business School Press
300 _axvii, : 208 : p. : cm. ; 23
365 _cRS
_b30
999 _c15116
_d15116